Bolesław Chodyniecki (1930-1980)

Titel: Bolesław Chodyniecki (1930-1980)
Verfasser:
In: Szkice ke̜dzierzyńsko-kozielskie, Band 3 (1990), Seite 177-179
alle Artikel anzeigen
Veröffentlicht: 1990
Format: Aufsatz
Sprache: Polnisch
Kein Bild verfügbar
X
alg: 39463217
001A    $01999:12-11-16 
001B    $06050:16-02-24 $t15:34:08.000 
001C    $06050:19-11-16 $t09:34:11.000 
001D    $01999:12-11-16 
001U    $0utf8 
001X    $00 
002@    $0Aox 
003@    $0394632176 
007A    $0394632176 $aHEB 
007T    $0Herdww014546 
010@    $apol 
011@    $a1990 
021A    $aBolesław Chodyniecki (1930-1980) 
028A    $aKurowski $dTadeusz 
031A    $d3 $h177-179 $j1990 
039B    $aIn $8--Abvc--. Szkice ke̜dzierzyńsko-kozielskie. - Kędzierzyn-Koźle : Towarzystwo Ziemi Kozielskiej, 1985-. - ISSN 0860-1062 $x199000000030000823 $9048584932 
045T    $a-OST $qDE-12 $2FID 
045T    $a7,41 

lok: 39463217 78

exp: 39463217 78 1 #EPN
201B/01 $031-10-19 $t22:44:03.000 
201U/01 $0utf8 
203@/01 $0790742640 
208@/01 $a12-11-16 $be 
209A/01 $a/ $f000 $x00 
220C/01 $aTitelaufnehmer: KS 
244Z/01 $2Trx $#Silesia $#Śląsk $#Sliezsko $#Slezsko $8--Trx--Schlesien $x01 $9391173987 
244Z/01 $#Kandrzin-Cosel $74286225-5 $8--Tg1--Ke̜dzierzyn-Koźle $x02 $9086548549 
244Z/01 $aGeschichte 1930-1980 $x03 
244Z/01 $aChodyniecki Bolesław 1930-1980 $x04 
244Z/01 $2Trx $8--Trx--Zeitschriftenaufsatz $x05 $9391384341 
247C/01 $82080>Marburg/Lahn, Herder-Institut, Forschungsbibliothek, Bibliographieportal $9336309341
LEADER 00000caa a22000002c 4500
001 394632176
003 DE-603
005 20240216153408.0
007 tu
008 161112s1990 xx |||| | u00||u|pol c
035 |a (DE-599)HEB394632176 
040 |a DE-603  |b ger  |c DE-603  |d DE-603 
041 |a pol 
084 |a -OST  |q DE-12  |2 fid 
084 |a 7,41  |2 ssgn 
100 1 |a Kurowski, Tadeusz 
245 0 0 |a Bolesław Chodyniecki (1930-1980) 
264 0 |c 1990 
773 0 8 |i In  |t Szkice ke̜dzierzyńsko-kozielskie  |d Kędzierzyn-Koźle : Towarzystwo Ziemi Kozielskiej, 1985-  |x 0860-1062  |g Band 3 (1990), Seite 177-179  |w (DE-603)048584932  |w (DE-600)1080389-0 
924 0 |9 2080  |a (DE-603)790742640  |b DE-2080  |c HES  |d d  |g /